000
00334pab a2200145 454500
008
180718b1989 xxu||||| |||| 00| 0 eng d
100
_a
Bhatt, S.C.
245
_a
Industrial development in four decades
260
_c
1989
300
_a
253-7
362
_a
Sept.
650
_a
Industry
773
_a
Khadi Gramodyog
909
_a
10870
999
_c
10870
_d
10870